Monstrance Zlaté slunce Moravy : restaurování 2005 : [Muzeum umění Olomouc - Arcidiecézní muzeum Olomouc, 17.5.-28.10.2007 : publikace k výstavě /

Korporativní autor: Arcidiecézní muzeum (Olomouc, Česko)
Další autoři: Houska, Ivan, 1953-
Jazyk: Čeština
Vydáno: Olomouc : Muzeum umění Olomouc, 2007
Témata:
Externí odkaz: Digitalizovaný dokument
Fyzický popis: 44 s. : barev. il. ; 29 cm
Language note: Anglické resumé
Knihy
Uloženo v:
LEADER 02627nam a2200625 a 4500
001 nkc20071721177
003 CZ PrNK
005 20110428093831.0
007 ta
008 070525s2007 xr a e c 000 0dcze
015 |a cnb001721177 
020 |a 978-80-85227-91-8  |q (brož.) 
035 |a (OCoLC)188558156 
040 |a OLA001  |b cze  |d ABA001 
041 0 |a cze  |b eng 
043 |a e-xr---  |b e-xr-ol  |2 czenas 
045 |a v-v- 
072 7 |a 27-5  |x Liturgie. Křesťanské umění a symbolika. Duchovní život  |2 Konspekt  |9 5 
080 |a 27-526.3  |2 MRF 
080 |a 738/749.05  |2 MRF 
080 |a 7.025.3/.4  |2 MRF 
080 |a (437.325)  |2 MRF 
080 |a (083.824)  |2 MRF 
245 0 0 |a Monstrance Zlaté slunce Moravy :  |b restaurování 2005 : [Muzeum umění Olomouc - Arcidiecézní muzeum Olomouc, 17.5.-28.10.2007 : publikace k výstavě /  |c texty Ivan Houska ... et al. ; fotografie Ivan Houska, Markéta Ondrušková, Zdeněk Sodoma] 
246 3 0 |a Restaurování 2005 
246 3 0 |a Zlaté slunce Moravy 
260 |a Olomouc :  |b Muzeum umění Olomouc,  |c 2007 
300 |a 44 s. :  |b barev. il. ;  |c 29 cm 
500 |a 300 výt. 
504 |a Obsahuje bibliografii a bibliografické odkazy 
546 |a Anglické resumé 
600 1 7 |a Vogelhundt, Andreas,  |d -1771  |7 ola2007345479  |2 czenas 
610 2 7 |a Katedrála sv. Václava (Olomouc, Česko)  |7 kn20010710504  |2 czenas 
648 7 |a 18. století  |7 ch460556  |2 czenas 
648 7 |a 2005  |7 ch969022  |2 czenas 
650 0 7 |a Zlaté slunce Moravy  |7 ph407310  |2 czenas 
650 0 7 |a monstrance  |7 ph407309  |z Česko  |y 18. století  |2 czenas 
650 0 7 |a umělecké předměty  |7 ph116532  |z Česko  |y 18. století  |2 czenas 
650 0 7 |a restaurování památek  |7 ph135827  |z Česko  |y 2001-2010  |2 czenas 
650 0 9 |a Gold Sun of Moravia  |2 eczenas 
650 0 9 |a monstrances  |z Czechia  |y 18th century  |2 eczenas 
650 0 9 |a art objects  |z Czechia  |y 18th century  |2 eczenas 
650 0 9 |a antiquities restoration  |z Czechia  |y 2001-2010  |2 eczenas 
651 7 |a Olomouc (Česko)  |7 ge130299  |2 czenas 
651 9 |a Olomouc (Czechia)  |2 eczenas 
655 7 |a katalogy výstav  |7 fd132536  |2 czenas 
655 9 |a exhibition catalogs  |2 eczenas 
700 1 |a Houska, Ivan,  |d 1953-  |7 ola364022  |4 aut  |4 pht 
710 2 |a Arcidiecézní muzeum (Olomouc, Česko)  |7 kn20021021005 
856 4 1 |u http://www.digitalniknihovna.cz/mzk/uuid/uuid:2e319a30-b441-11ed-b758-5ef3fc9bb22f  |y Digitalizovaný dokument  |x NDK 
910 2 |a BOA001  |b 3-1187.535 
990 |a BK 
995 |a 01 
991 |b 200706  |c NOV 
996 6 |b 2610312760  |c 3-1187.535  |l MZK  |r Sklad / do 1 hodiny  |n 4  |p p.v.  |w 000853285  |u 000010  |a 1  |e BOA001  |j MZK50  |s P